00556nam a2200169 a 450000100100000000500170001000800410002702000150006804000250008310000270010824500460013526000450018130000200022658600180024695201050026499900170036900004279020201002040411.0140210s2005 dr 000 p spa d a999349125X aDO-SdBNPbspacBNPHU1 aSilfa, Bernardo97013210aMáscara de la imago. /cBernardo Silfa. aSanto Domingo, :bCasa de Teatro,c2005. a29 p. ;c21 cm. aPoesía 2004 0010718PDaPDbPDcCTd2014-02-10iLF1l0o p42790-10r2020-06-25w2020-06-25yLFPDZNo se presta c42279d42279